LIBRARY & INFORMATION CENTRE, KCAET, TAVANUR

ONLINE PUBLIC ACCESS CATALOGUE (OPAC)

Living Shakespeare / (Record no. 6940)

MARC details
000 -LEADER
fixed length control field 00374cam a2200157ua 4500
041 ## - LANGUAGE CODE
Language code of text/sound track or separate title eng
082 ## - DEWEY DECIMAL CLASSIFICATION NUMBER
Classification number 828.9
Item number GIT/LI
100 ## - MAIN ENTRY--AUTHOR NAME
Personal name Gittings, Robert .
245 00 - TITLE STATEMENT
Title Living Shakespeare /
250 ## - EDITION STATEMENT
Edition statement 1 /
260 ## - PUBLICATION, DISTRIBUTION, ETC. (IMPRINT)
Place of publication London :
Name of publisher Heinemann ,
Year of publication 1966.
300 ## - PHYSICAL DESCRIPTION
Number of Pages 154 ; .
942 ## - ADDED ENTRY ELEMENTS (KOHA)
Koha item type Books
Holdings
Withdrawn status Lost status Damaged status Home library Current library Date acquired Cost, normal purchase price Full call number Accession Number Koha item type
Withdrawn     KAUAET KAUAET 07/04/2012 12.60 828.9 6769 Books
free website counter